Evaluación técnica comparativa entre la colocación de concreto compactado con rodillo (CCR) en sistema de hiperbloques y convencional por capas

Uloženo v:
Podrobná bibliografie
Hlavní autor: Camacho Fonseca, Mike
Médium: Kniha
Vydáno: [San José], Costa Rica 2011
Témata:
Tagy: Přidat tag
Žádné tagy, Buďte první, kdo vytvoří štítek k tomuto záznamu!

MARC

LEADER 00000nam a2200000Ia 4500
003 010245
005 20221231144031.0
008 140114s2011 cr a 000 ||s d
040 |c cru CEDI 
090 |a TFG 6299 
100 |a Camacho Fonseca, Mike  |9 2729 
245 |a Evaluación técnica comparativa entre la colocación de concreto compactado con rodillo (CCR) en sistema de hiperbloques y convencional por capas 
260 |c 2011  |b [San José], Costa Rica 
500 |a Proyecto de graduación (licenciatura en ingeniería civil)--Universidad de Costa Rica. Facultad de Ingeniería. Escuela de Ingeniería Civil 
650 |x HORMIGON COMPACTADO CON RODILLO   |x EVALUACION   |x REPRESAS DE HORMIGON  |x  DISEÑO Y CONSTRUCCION   |x  JUNTAS (COMPONENTES ESTRUCTURALES)  |x  INSTITUTO COSTARRICENSE DE ELECTRICIDAD. PROYECTO HIDROELECTRICO PIRRIS   |9 2730 
942 |c TFG 
999 |c 15905  |d 15905